| 000 | 03136nam a2200289 i 4500 | ||
|---|---|---|---|
| 001 | 000029316 | ||
| 003 | DO-SdBNP | ||
| 005 | 20240416103743.0 | ||
| 007 | ta | ||
| 008 | 240416s2000 dr 000 0 spa d | ||
| 040 |
_aDO-SdBNP _bspa _cBNPHU _erda |
||
| 082 | 4 |
_bS471me _222 _a305.4 |
|
| 110 | _956201 | ||
| 111 |
_aSeminario Latinoamericano de Oficinas de la Mujer _cSanto Domingo _d(6-8 abr., 1999) _985253 |
||
| 245 | 0 | 3 | _aMemorias |
| 264 |
_aSanto Domingo : _bSecretaria de estado de la Mujer, _c2000. |
||
| 300 |
_a164 páginas : _bilustraciones ; _c24 cm. |
||
| 336 |
_2rdacontent _atexto _btxt |
||
| 337 |
_2rdamedia _asin mediación _bnc |
||
| 338 |
_2rdacarrier _avolumen _bn |
||
| 505 | _aPapel y funciones de las Oficinas de la Mujer en el contexto de la modernización y reforma del Estado / Elvira Caro 13|Institucionalización del enfoque de equidad de género en las políticas públicas, condicionantes y potencialidades desde el Estado / Sonia Montaño Virreira 33|Institucionalización de políticas públicas para la equidad de género en América Latina y el Caribe / Belkys Mones 41|Institucionalización del enfoque de equidad de género en las políticas económicas y sociales: la experiencia de Chile / Natacha Molina García 51|Institucionalización del enfoque de equidad de género en las políticas económicas y sociales: la experiencia de Colombia / Gladys Cifuentes Aranzázu 61|Institucionalización del enfoque de equidad de género en las políticas económicas y sociales: la experiencia de Nicaragua / Rosa Argentina López Prado 67|Institucionalización del enfoque de equidad de género en las políticas económicas y sociales: la experiencia de Paraguay / Heydée Carmagnola 73|Institucionalización del enfoque de equidad de género en las políticas económicas y sociales: la experiencia de Argentina / Teresa González de Solac 79|Institucionalización del enfoque de género en las políticas económicas y sociales: la experiencia de Panamá / Urania Ungo 83|Institucionalización del enfoque de equidad de género en las políticas económicas y sociales: la experiencia de Cuba / Nieves Alemany Aguilera 89|Los medios de comunicación de masas, el cambio cultural y el conocimiento. Cómo estar en los medios sin perdernos / Sara Lovera 93|Estrategias para la producción de cambios culturales de equidad de género a través de los medios de comunicación / Concepción Dancausa 101|Oficinas gubernamentales de la mujer y movimiento de mujeres; experiencias de articulación y relacionamiento con miras al impulso de políticas públicas de equidad de género / Sandra Samaniego 107|Los procesos nacionales en torno a Beijing: la coordinadora. Relacionamiento Estado-movimiento de mujeres, de avances, obstáculo y estrategias / Lusitania Martínez 117|Relaciones de la Dirección General de Promoción de la Mujer con el movimiento de mujeres en nuestro país / Sergia Galván 123 | ||
| 590 | _aInventariado, 2024/DG | ||
| 650 | 4 |
_aDerechos de la mujer _xAmérica Latina _985254 |
|
| 650 | 4 |
_aMujeres _xSalud e higiene _zAmérica Latina _985255 |
|
| 910 | _aDG | ||
| 942 |
_2ddc _cLBS1 |
||
| 999 |
_c56425 _d56425 |
||